00833 a2200205 4500010001400000020002400014035001300038037001600051082001400067111011700081245021200198260004300410270005900453300002300512500002100535700002000556700001600576700001700592700001800609 aENG-88553 a817000442Xc1325.00 aEN-72086 bDBAD / PUB14a025.00285 aNational Convention on Digital Libraries in Knowledge ManagementcKozhikode (Calicut), Kerala, Indiad 2005n7th1 aDigital libraries in knowledge management:cby M.G. Sreekumar ... [et. al]bproceedings of the 7th MANLIBNET annual national convention held at Indian Institute of Management, Kozhikode during May 5-7, 2005/ aNew DelhibEss Ess Publicationsc2006 a4837/24, Ansari Road, Darya Ganj,bNew Delhie110 002 a597p.c22cm ( Hb.) aIncludes index aSreekumar, M.G. aSunitha, T. aSreejaya, P. aPathak, Ashok